Sports Quiz

Random Sports or Soccer Quiz

Sports Words in Book Titles Quiz Stats

 Plays Quiz Updated Sep 16, 2017

Challenge
Share
Tweet
Embed
Score 0/30 Timer 07:00
0 Plays Today
% Correct
Catcher
88.1%
Runner
87.5%
Club
87.1%
Leagues
87.1%
Champions
87.1%
Sweep
85.2%
Court
83.8%
Playbook
81.7%
Down
79.2%
Keeper
79.2%
Slope
77.7%
Athens
77.7%
Corner
77.5%
Marathon
75.2%
Dome
73.7%
% Correct
Captains
68.6%
Basketball
67.6%
Side
66.8%
Racing
63%
Field
62.8%
Safety
62.1%
Skates
58.2%
Cycle
57.7%
Diving
57.5%
Match
53.1%
Cricket
50.2%
Net
49.2%
Base
43.9%
Strength
26%
Swim
17.4%

You're not logged in!

Compare scores with friends on all Sporcle quizzes.
Join for Free
OR
Log In

You Might Also Like...

Show Comments

Extras

Top Quizzes Today


Score Distribution

Your Account Isn't Verified!

In order to create a playlist on Sporcle, you need to verify the email address you used during registration. Go to your Sporcle Settings to finish the process.

Report this User

Report this user for behavior that violates our Community Guidelines.

Details: